000 01258nam a2200325 a 4500
001 000115387
003 CHAP
005 20220329144532.0
008 190516s2018 mx a |sm |||||||spa d
010 _a111848
011 _a112820
040 _cCHAP
090 _aTesis
100 1 _aEstrada Pérez, Christopher Fernando.
_9135624
245 1 0 _aSimulación matemática de perturbaciones en la alimentación con pollinaza de biodigestores anaeróbicos
_h[En línea]
_cpor Christopher Fernando Estrada Pérez.
260 _aChapingo, Méx. :
_bEl autor,
_c2018.
500 _aPara ver el contenido del material haga clic en la liga
502 _aTesis (Ing. Agroindustrial) -- UACH. Departamento de Ingeniería Agroindustrial
590 _aBATCH-UPD
_b05
_c20190516
_lUCH01
_h1447
590 _aE6339RRR
_b05
_c20190516
_lUCH01
_h1447
590 _aE6339RRR
_b05
_c20190516
_lUCH01
_h1447
650 1 4 _aBiocombustibles
_xProducción.
_9129610
650 1 4 _aDigestión anaeróbica
_xModelos matemáticos.
_9132334
650 1 4 _aGallinaza
_xAprovechamiento.
_9133552
650 1 4 _aMateria orgánica
_xDescomposición.
_972932
856 _aFinding aid
_uhttp://10.13.5.2/tesis/sist115387.pdf
_zTeclea aquí
901 _aBK
942 _cTESIS
942 _n0
999 _c111848
_d111848